[Event "7. Europameisterschaft"]
[Site "Kusadasi"]
[Date "2006.04.07"]
[Round "4"]
[White "Baramidze, David"]
[Black "Esen, Baris"]
[Result "1/2-1/2"]
[WhiteElo "2545"]
[BlackElo "2420"]
[PlyCount "146"]
[EventDate "2006.04.03"]

1. e4 c5 2. Nf3 d6 3. d4 cxd4 4. Nxd4 Nf6 5. Nc3 g6 6. Be2 Bg7 7. O-O O-O 8.
Re1 Nc6 9. Nb3 Be6 10. Bf1 a5 11. Bb5 Na7 12. Bf1 Nc6 13. Bb5 Na7 14. Ba4 Bc4
15. Nd4 Qb8 16. Bg5 b5 17. Bb3 e6 18. Qd2 Qc7 19. Bh6 Rfd8 20. Bxg7 Kxg7 21. f3
Rac8 22. g3 Nc6 23. Bxc4 Nxd4 24. Qxd4 Qxc4 25. Qxc4 Rxc4 26. Nxb5 Rxc2 27.
Rab1 d5 28. Nd4 Rc4 29. Red1 e5 30. Ne2 Rc2 31. Kf1 Kf8 32. b4 axb4 33. Rxb4 d4
34. Nc1 Ra8 35. a4 Nd7 36. Nd3 Ra2 37. Rb7 Ke8 38. Rc1 R2xa4 39. Rcc7 Rd8 40.
Nb4 Ra1+ 41. Ke2 Rb1 42. Kd2 Rb3 43. Kc2 Rc3+ 44. Rxc3 dxc3 45. Rc7 Nf6 46.
Kxc3 Kf8 47. Nc6 Re8 48. g4 h6 49. h4 Re6 50. Kc4 Ne8 51. Rc8 Kg7 52. Kc5 Nf6
53. Rd8 Ng8 54. Rd7 Nf6 55. Ra7 Re8 56. Rb7 Nh7 57. Ra7 Nf6 58. Rb7 Nh7 59. Rc7
Nf6 60. Na5 Nh7 61. Nc4 Nf8 62. Kd6 Ne6 63. Re7 Rxe7 64. Kxe7 Nd4 65. Nxe5 f6
66. Nc4 Nxf3 67. h5 Nd4 68. Ne3 Nc6+ 69. Kd6 Nd4 70. Ng2 Ne2 71. Nh4 gxh5 72.
gxh5 Nf4 73. Nf5+ Kf8 1/2-1/2

[Event "7. Europameisterschaft"]
[Site "Kusadasi"]
[Date "2006.04.07"]
[Round "4"]
[White "Arlandi, Ennio"]
[Black "Lutz, Christopher"]
[Result "1/2-1/2"]
[WhiteElo "2453"]
[BlackElo "2608"]
[PlyCount "118"]
[EventDate "2006.04.03"]

1. d4 Nf6 2. c4 e6 3. Nc3 Bb4 4. Qc2 O-O 5. a3 Bxc3+ 6. Qxc3 b6 7. Nf3 Bb7 8.
e3 d6 9. Be2 Nbd7 10. O-O Qe7 11. b4 c5 12. Bb2 a5 13. Rfd1 Rfc8 14. Qb3 d5 15.
dxc5 bxc5 16. bxa5 Ba6 17. Nd2 e5 18. Qc2 d4 19. Bf3 Rab8 20. Rab1 Qd8 21. Qa4
Qc7 22. Ba1 h5 23. h3 Re8 24. Bc6 Re6 25. Bb5 Ra8 26. Re1 Rd6 27. exd4 exd4 28.
Qc2 Nf8 29. Bxa6 Rdxa6 30. Nb3 Ng6 31. Bb2 Nh4 32. Bc1 Qc6 33. f3 Nd7 34. Qe4
Qxe4 35. Rxe4 Ng6 36. Bd2 f6 37. f4 Kf7 38. Nc1 Ne7 39. Rb7 R8a7 40. Rxa7 Rxa7
41. Nd3 Nf5 42. Re2 Nd6 43. Nb2 Nb7 44. f5 Nd6 45. g4 hxg4 46. hxg4 Ne5 47. Bf4
Rxa5 48. Bxe5 fxe5 49. Rxe5 Rxa3 50. Re6 Ne8 51. Kf2 Ra2 52. Rb6 Nf6 53. Rb7+
Kf8 54. Kf3 Ra3+ 55. Kf4 Re3 56. g5 Re4+ 57. Kf3 Re3+ 58. Kf4 Re4+ 59. Kf3 Re3+
1/2-1/2

[Event "7. Europameisterschaft"]
[Site "Kusadasi"]
[Date "2006.04.07"]
[Round "4"]
[White "Bindrich, Falko"]
[Black "Rogic, Davor"]
[Result "1-0"]
[WhiteElo "2435"]
[BlackElo "2540"]
[PlyCount "61"]
[EventDate "2006.04.03"]

1. e4 e5 2. Nf3 Nc6 3. Bb5 a6 4. Ba4 Nf6 5. O-O Be7 6. Re1 b5 7. Bb3 d6 8. c3
O-O 9. h3 Na5 10. Bc2 c5 11. d4 Qc7 12. Nbd2 Bd7 13. Nf1 Rac8 14. Ne3 Bd8 15.
dxe5 dxe5 16. Nh2 Be6 17. Nhg4 Nxg4 18. hxg4 Bg5 19. Nd5 Qd8 20. Bxg5 Qxg5 21.
Qc1 Qd8 22. g5 Rc6 23. f4 exf4 24. Qxf4 Bxd5 25. exd5 Rd6 26. a4 Nb7 27. axb5
axb5 28. Ra7 Rb6 29. Re3 g6 30. Qe5 Nd6 31. Bxg6 1-0

[Event "7. Europameisterschaft"]
[Site "Kusadasi"]
[Date "2006.04.07"]
[Round "4"]
[White "Meier, Georg"]
[Black "Narciso Dublan, Marc"]
[Result "0-1"]
[WhiteElo "2407"]
[BlackElo "2510"]
[PlyCount "146"]
[EventDate "2006.04.03"]

1. Nf3 d5 2. e3 Nf6 3. b3 Bf5 4. Bb2 e6 5. Be2 h6 6. c4 Be7 7. cxd5 exd5 8. O-O
O-O 9. d3 Nbd7 10. Nbd2 c6 11. a3 a5 12. Re1 Bh7 13. Nf1 Ne8 14. Ng3 Nd6 15.
Qc2 Re8 16. Bf1 Bf6 17. b4 Bxb2 18. Qxb2 Qf6 19. Qxf6 Nxf6 20. Nd4 Nd7 21. Nb3
Ne5 22. e4 a4 23. Nd2 dxe4 24. dxe4 Rad8 25. Rad1 Nb5 26. Nb1 Nd4 27. f4 Ng4
28. Rd2 Nb3 29. Rxd8 Rxd8 30. b5 g5 31. bxc6 bxc6 32. Nc3 gxf4 33. Nh5 f3 34.
gxf3 Ne5 35. Re3 Bg6 36. Nf4 Nd2 37. Be2 Rd4 38. Kf2 Kf8 39. Ke1 Ke7 40. Nxa4
Nexf3+ 41. Bxf3 Nxf3+ 42. Rxf3 Rxe4+ 43. Kd2 Rxa4 44. Nxg6+ fxg6 45. Kc2 Rh4
46. h3 g5 47. Kb3 Kd6 48. a4 Kc5 49. Rc3+ Kb6 50. Ka3 Rf4 51. Kb3 h5 52. Re3
Rf6 53. Kb4 Rf4+ 54. Kb3 Rf6 55. Kb4 g4 56. a5+ Ka6 57. hxg4 hxg4 58. Rg3 Rg6
59. Kc5 Ka7 60. Kd4 Rg5 61. Ke3 Ka6 62. Kf4 Rg6 63. Kf5 Rg8 64. Rc3 Kb5 65. a6
c5 66. a7 Ra8 67. Rb3+ Kc4 68. Rb7 g3 69. Rg7 Kb3 70. Rxg3+ Kb4 71. Rg2 Rxa7
72. Ke4 c4 73. Rg3 Re7+ 0-1

[Event "7. Europameisterschaft"]
[Site "Kusadasi"]
[Date "2006.04.07"]
[Round "4"]
[White "Michalczak, Thomas"]
[Black "Aroshidze, Levan"]
[Result "0-1"]
[WhiteElo "2334"]
[BlackElo "2492"]
[PlyCount "80"]
[EventDate "2006.04.03"]

1. e4 c5 2. c3 b6 3. d4 Bb7 4. Bd3 Nf6 5. Nd2 cxd4 6. cxd4 Nc6 7. Ne2 g6 8. O-O
Bg7 9. a3 O-O 10. b4 a6 11. Bb2 d6 12. Nf3 e6 13. Ng3 Nd7 14. Qe2 b5 15. Rae1
Re8 16. h4 h5 17. Rd1 e5 18. dxe5 Ncxe5 19. Ng5 Qf6 20. f4 Nf3+ 21. Qxf3 Qxb2
22. Nxh5 gxh5 23. Qxh5 Re7 24. Qh7+ Kf8 25. Qf5 Nf6 26. Rf2 Qb3 27. Bc2 Qe3 28.
Rd3 Bc8 29. Nh7+ Nxh7 30. Qxh7 Qe1+ 31. Rf1 Qxe4 32. f5 Bb7 33. Rg3 Qd4+ 34.
Kh1 Re3 35. Rf4 Rxg3 36. Rxd4 Bxd4 37. Qh6+ Ke8 38. Kh2 Rxg2+ 39. Kh3 Rc8 40.
Bd3 Rc3 0-1

[Event "7. Europameisterschaft"]
[Site "Kusadasi"]
[Date "2006.04.07"]
[Round "4"]
[White "Itkis, Boris"]
[Black "Bogner, Sebastian"]
[Result "1/2-1/2"]
[WhiteElo "2490"]
[BlackElo "2329"]
[PlyCount "68"]
[EventDate "2006.04.03"]

1. d4 Nf6 2. c4 g6 3. Nc3 Bg7 4. e4 d6 5. Bg5 O-O 6. Qd2 Na6 7. Bd3 e5 8. Nge2
exd4 9. Nxd4 Nc5 10. Bc2 Ne6 11. Nxe6 Bxe6 12. Bd3 c6 13. O-O Qa5 14. h3 Rfe8
15. Rab1 Nd7 16. b4 Bxc3 17. bxa5 Bxd2 18. Bxd2 Nc5 19. Be2 Nxe4 20. Rfd1 d5
21. Bf3 Nxd2 22. Rxd2 dxc4 23. Rxb7 Bf5 24. Rd1 c3 25. Rc1 c2 26. g4 Bd3 27.
Bxc6 Re2 28. Ba4 Rd2 29. Rc7 Rb8 30. Bxc2 Bxc2 31. R1xc2 Rxc2 32. Rxc2 Rb5 33.
a4 Rxa5 34. Rc4 Kg7 1/2-1/2

[Event "7. Europameisterschaft"]
[Site "Kusadasi"]
[Date "2006.04.08"]
[Round "5"]
[White "Macieja, Bartlomiej"]
[Black "Naiditsch, Arkadij"]
[Result "1/2-1/2"]
[WhiteElo "2584"]
[BlackElo "2664"]
[PlyCount "64"]
[EventDate "2006.04.03"]

1. e4 e5 2. Nf3 Nc6 3. Bb5 a6 4. Bxc6 dxc6 5. O-O f6 6. d4 exd4 7. Nxd4 c5 8.
Ne2 Qxd1 9. Rxd1 Bd7 10. Be3 O-O-O 11. Nbc3 b6 12. Rd2 Re8 13. Rad1 Bc6 14. f3
Ne7 15. Nf4 Ng6 16. Nxg6 hxg6 17. Nd5 Bxd5 18. Rxd5 Bd6 19. Rxd6 cxd6 20. Rxd6
Kb7 21. Rd7+ Kc6 22. Rxg7 Rhg8 23. Rxg8 Rxg8 24. Kf2 Rh8 25. h3 b5 26. a3 a5
27. c4 Rb8 28. Bd2 b4 29. a4 Rd8 30. Ke2 g5 31. b3 Kd6 32. e5+ Kxe5 1/2-1/2

[Event "7. Europameisterschaft"]
[Site "Kusadasi"]
[Date "2006.04.08"]
[Round "5"]
[White "Graf, Alexander"]
[Black "Czarnota, Pawel"]
[Result "1/2-1/2"]
[WhiteElo "2592"]
[BlackElo "2529"]
[PlyCount "140"]
[EventDate "2006.04.03"]

1. d4 d5 2. c4 c6 3. Nf3 Nf6 4. e3 Bf5 5. Nc3 e6 6. Nh4 Bg6 7. Bd2 Nbd7 8. Rc1
Ne4 9. Nxg6 Nxc3 10. bxc3 hxg6 11. cxd5 cxd5 12. c4 dxc4 13. Bxc4 Bd6 14. Qb3
Rb8 15. a4 Qb6 16. Qxb6 Nxb6 17. Bb3 Ke7 18. Ke2 Rhc8 19. e4 Rxc1 20. Rxc1 Rc8
21. e5 Ba3 22. Rb1 Rc7 23. a5 Nd7 24. Ra1 Bb2 25. Bb4+ Ke8 26. Rd1 b6 27. a6 b5
28. Rd2 Ba1 29. f4 Nb6 30. Kd3 Rc1 31. Rd1 Rxd1+ 32. Bxd1 Nd5 33. Bc5 Nc7 34.
Bxa7 Nxa6 35. Ke4 Kd7 36. d5 f5+ 37. exf6 exd5+ 38. Kxd5 Bxf6 39. Be3 Nc7+ 40.
Ke4 Ne6 41. g4 Kd6 42. g5 Bc3 43. Bc2 b4 44. Kd3 Nc7 45. Bb3 Nd5 46. Bc1 Ne7
47. Bf7 Kc6 48. Kc4 Kd7 49. Be3 Nf5 50. Kd3 Nxe3 51. Kxe3 Ke7 52. Bxg6 Bb2 53.
Bc2 Kf7 54. Kf3 g6 55. h4 Bc1 56. Ke4 Kg7 57. Bd1 Bd2 58. h5 gxh5 59. Bxh5 b3
60. Bd1 b2 61. Bc2 Bc1 62. Kf3 Bd2 63. Kg4 Ba5 64. Bb1 Bc7 65. Kf3 Bd6 66. Ke4
Bc7 67. Kf5 Bd6 68. Kg4 Bc7 69. f5 Bd8 70. Kf4 Be7 1/2-1/2

[Event "7. Europameisterschaft"]
[Site "Kusadasi"]
[Date "2006.04.08"]
[Round "5"]
[White "Haznedaroglu, Kivanc"]
[Black "Baramidze, David"]
[Result "1/2-1/2"]
[WhiteElo "2453"]
[BlackElo "2545"]
[PlyCount "97"]
[EventDate "2006.04.03"]

1. e4 c5 2. Nf3 d6 3. d4 cxd4 4. Nxd4 Nf6 5. Nc3 Bd7 6. Bg5 e6 7. Qd2 a6 8.
O-O-O h6 9. Be3 Ng4 10. f4 Nxe3 11. Qxe3 Be7 12. Kb1 Qc7 13. f5 O-O 14. Be2 Nc6
15. fxe6 fxe6 16. Bg4 Nxd4 17. Qxd4 Kh8 18. Qd3 Rac8 19. Rhf1 Qc5 20. Rxf8+
Rxf8 21. Qg3 Rc8 22. a3 Rc7 23. Rd3 b5 24. Qf4 b4 25. axb4 Qxb4 26. Qf7 Bf6 27.
Bxe6 Qb8 28. Bxd7 Bxc3 29. Qe8+ Qxe8 30. Bxe8 Be5 31. h4 Rb7 32. c3 Kg8 33. Bg6
Kf8 34. Rf3+ Bf6 35. g4 Rb5 36. Kc2 Ke7 37. Rf1 Kd7 38. h5 a5 39. Bf7 Kc7 40.
Bd5 Kb6 41. Ra1 Rc5 42. Ra3 Kc7 43. Rb3 Kc8 44. Rb6 Be5 45. Kb3 Kc7 46. Rb7+
Kc8 47. Rb6 Kc7 48. Rb7+ Kc8 49. Rb6 1/2-1/2

[Event "7. Europameisterschaft"]
[Site "Kusadasi"]
[Date "2006.04.08"]
[Round "5"]
[White "Stevic, Hrvoje"]
[Black "Bindrich, Falko"]
[Result "0-1"]
[WhiteElo "2502"]
[BlackElo "2435"]
[PlyCount "98"]
[EventDate "2006.04.03"]

1. e4 c5 2. Nf3 d6 3. c3 Nf6 4. Be2 Bg4 5. O-O e6 6. Re1 Nc6 7. d3 Be7 8. Nbd2
d5 9. Qc2 Bh5 10. a3 Rc8 11. Qa4 O-O 12. b4 a6 13. b5 axb5 14. Qxb5 Qc7 15. Rb1
Rb8 16. a4 Bd6 17. h3 Rfd8 18. Ba3 b6 19. Bf1 dxe4 20. dxe4 Ne5 21. Nxe5 Bxe5
22. Qb2 Bg6 23. g3 Rxd2 24. Qxd2 Nxe4 25. Qc1 Bxc3 26. Rd1 Bd2 27. Qb2 Nc3 28.
Ra1 Nxd1 29. Qxd2 Rd8 30. Qe1 Bc2 31. a5 bxa5 32. Rc1 Ba4 33. Rxc5 Qd7 34. Rxa5
Bc6 35. Rc5 Ba8 36. Bg2 Bxg2 37. Kxg2 h6 38. Rc1 Qd5+ 39. Kg1 Qf3 40. Be7 Rd5
41. Bc5 Qh5 42. Bb4 Qf3 43. Bc5 e5 44. Kh2 e4 45. Rc2 Kh7 46. Bb6 f5 47. Qe2
Qd3 48. Ba5 Qxe2 49. Rxe2 Rxa5 0-1

[Event "7. Europameisterschaft"]
[Site "Kusadasi"]
[Date "2006.04.08"]
[Round "5"]
[White "Lutz, Christopher"]
[Black "Vehi Bach, Victor"]
[Result "1-0"]
[WhiteElo "2608"]
[BlackElo "2335"]
[PlyCount "61"]
[EventDate "2006.04.03"]

1. e4 c5 2. Nf3 e6 3. d4 cxd4 4. Nxd4 Nf6 5. Nc3 d6 6. f4 a6 7. Be2 Be7 8. a4
b6 9. O-O Bb7 10. Bf3 Nc6 11. Kh1 Qc7 12. e5 dxe5 13. Nxc6 Bxc6 14. fxe5 Nd7
15. Bxc6 Qxc6 16. Qg4 h5 17. Qf4 f5 18. exf6 gxf6 19. Be3 Rg8 20. Rf2 Rg4 21.
Qf3 Qxf3 22. gxf3 Rg6 23. Ne2 Kf7 24. Rd1 Nc5 25. b3 e5 26. Ng3 Ke6 27. f4 exf4
28. Bxf4 h4 29. Re2+ Kf7 30. Nf5 Ra7 31. a5 1-0

[Event "7. Europameisterschaft"]
[Site "Kusadasi"]
[Date "2006.04.08"]
[Round "5"]
[White "Bogner, Sebastian"]
[Black "Zelcic, Robert"]
[Result "0-1"]
[WhiteElo "2329"]
[BlackElo "2525"]
[PlyCount "112"]
[EventDate "2006.04.03"]

1. e4 Nf6 2. e5 Nd5 3. d4 d6 4. c4 Nb6 5. exd6 exd6 6. Nc3 Be7 7. Bd3 Nc6 8.
Be3 O-O 9. h3 d5 10. c5 Nc4 11. Qh5 g6 12. Qxd5 Nxe3 13. fxe3 Nb4 14. Qxd8
Nxd3+ 15. Kd2 Rxd8 16. Kxd3 Bxc5 17. Ke4 Be7 18. Rc1 c6 19. Nf3 h5 20. Ne5 Kg7
21. Ne2 Be6 22. a3 Bd5+ 23. Kd3 Re8 24. Nc3 Bxg2 25. Rh2 Bd5 26. Nxd5 cxd5 27.
Rc7 f6 28. Nf3 Kh6 29. Rhc2 Bd6 30. Rxb7 Re6 31. Nh4 Bg3 32. Ng2 g5 33. Rc5 Rd8
34. Rxa7 h4 35. Rc1 f5 36. b4 Rb8 37. Ra5 g4 38. Rh1 Kg5 39. Rxd5 Ra6 40. e4
Rxa3+ 41. Kc4 gxh3 42. Rxf5+ Kg4 43. Ne1 Rc8+ 44. Rc5 Rxc5+ 45. dxc5 Ra1 46. c6
Rc1+ 47. Kd5 Rd1+ 48. Kc4 h2 49. e5 Kh3 50. e6 Rxe1 51. Rxe1 Bxe1 52. c7 h1=Q
53. c8=Q Qe4+ 54. Kb5 Qd3+ 55. Ka4 Qd1+ 56. Kb5 Qe2+ 0-1

[Event "7. Europameisterschaft"]
[Site "Kusadasi"]
[Date "2006.04.08"]
[Round "5"]
[White "Hillarp Persson, Tiger"]
[Black "Gasthofer, Alexander"]
[Result "1-0"]
[WhiteElo "2524"]
[BlackElo "2415"]
[PlyCount "101"]
[EventDate "2006.04.03"]

1. d4 d5 2. c4 e6 3. Nc3 Be7 4. cxd5 exd5 5. Bf4 c6 6. e3 Bf5 7. g4 Bg6 8. h4
h5 9. g5 Bd6 10. Nge2 Ne7 11. Qb3 b5 12. Bg2 O-O 13. Rc1 a5 14. Qd1 Re8 15.
Bxd6 Qxd6 16. Ng3 Na6 17. O-O Nc7 18. Nxh5 Bxh5 19. Qxh5 g6 20. Qg4 Kg7 21. Ne2
Rh8 22. Ng3 Rh7 23. f4 Rah8 24. h5 Rxh5 25. Nxh5+ Rxh5 26. Kf2 Nf5 27. Rh1 Rxh1
28. Rxh1 Qb4 29. Qe2 Ne6 30. Bh3 Kf8 31. Bxf5 gxf5 32. Rc1 c5 33. a3 Qa4 34.
dxc5 Nxf4 35. Qd2 Nh3+ 36. Ke1 Qh4+ 37. Kd1 Nf2+ 38. Kc2 Qe4+ 39. Kb3 Nd3 40.
Rc3 Ne5 41. Qd4 Qxd4 42. exd4 Nc6 43. Rd3 Kg7 44. Kc3 Kg6 45. Re3 f4 46. Re8 f3
47. Re3 Kxg5 48. Rxf3 f5 49. Rg3+ Kf6 50. Kd3 f4 51. Rg8 1-0

[Event "7. Europameisterschaft"]
[Site "Kusadasi"]
[Date "2006.04.08"]
[Round "5"]
[White "Rogic, Davor"]
[Black "Michalczak, Thomas"]
[Result "1/2-1/2"]
[WhiteElo "2540"]
[BlackElo "2334"]
[PlyCount "78"]
[EventDate "2006.04.03"]

1. e4 e5 2. Nf3 Nc6 3. Bb5 a6 4. Ba4 Nf6 5. O-O b5 6. Bb3 Bc5 7. c3 Bb6 8. a4
Rb8 9. d3 d6 10. Na3 b4 11. Nc4 bxc3 12. bxc3 Na5 13. Ba2 Nxc4 14. Bxc4 Ba5 15.
Qc2 h6 16. d4 Qe7 17. dxe5 dxe5 18. Ba3 c5 19. Nh4 Ng4 20. g3 g6 21. Rad1 Nf6
22. Qd3 Kf8 23. Qe3 Kg7 24. Rd3 Qe8 25. Qxc5 Qxa4 26. Ra1 Bh3 27. Bxf7 Qc2 28.
Bb3 Qxb3 29. Qxa5 Rhc8 30. Bb4 Qc4 31. Rad1 Rb5 32. Qa1 a5 33. Ba3 Nxe4 34.
Rd7+ Bxd7 35. Rxd7+ Kg8 36. Nxg6 Nxc3 37. Ne7+ Kh8 38. Ng6+ Kg8 39. Ne7+ Kh8
1/2-1/2

[Event "7. Europameisterschaft"]
[Site "Kusadasi"]
[Date "2006.04.08"]
[Round "5"]
[White "Can, Emre"]
[Black "Meier, Georg"]
[Result "1/2-1/2"]
[WhiteElo "2277"]
[BlackElo "2407"]
[PlyCount "97"]
[EventDate "2006.04.03"]

1. e4 e6 2. d4 d5 3. Nd2 dxe4 4. Nxe4 Nd7 5. Bd3 Ngf6 6. Nf3 c5 7. O-O cxd4 8.
Nxd4 Be7 9. Nb5 O-O 10. Nbd6 Nxe4 11. Bxe4 Nc5 12. Nxc8 Nxe4 13. Nxe7+ Qxe7 14.
Qe2 Nd6 15. Rd1 Nf5 16. Bf4 Rfd8 17. h3 a6 18. c4 Kf8 19. Qe4 Kg8 20. a3 Rd7
21. c5 Rad8 22. Rxd7 Qxd7 23. Rc1 Ne7 24. b4 Nd5 25. Be5 Qc6 26. Bb2 f6 27. g3
e5 28. Qc4 Kf8 29. Qh4 Ne3 30. fxe3 Rd2 31. e4 Rxb2 32. Rd1 Re2 33. Qxh7 Qxe4
34. Qxe4 Rxe4 35. Rd7 Re3 36. Kf2 Rxa3 37. Rxb7 Rc3 38. h4 Kg8 39. g4 a5 40.
bxa5 Rxc5 41. a6 Ra5 42. a7 Kh7 43. Ke3 Ra4 44. h5 Kh6 45. Rf7 Kh7 46. Kf3 Kh6
47. Ke3 Kh7 48. Kf3 Kh6 49. Ke3 1/2-1/2

[Event "7. Europameisterschaft"]
[Site "Kusadasi"]
[Date "2006.04.09"]
[Round "6"]
[White "Weiss, Christian"]
[Black "Graf, Alexander"]
[Result "0-1"]
[WhiteElo "2437"]
[BlackElo "2592"]
[PlyCount "48"]
[EventDate "2006.04.03"]

1. d4 Nf6 2. Nf3 e6 3. g3 d5 4. Bg2 b5 5. O-O Nbd7 6. Ne5 c5 7. Nxd7 Bxd7 8.
dxc5 Bxc5 9. Nd2 O-O 10. e4 Qc7 11. exd5 Nxd5 12. c3 Rac8 13. Qh5 Bb6 14. Nf3
b4 15. a4 bxc3 16. bxc3 Qxc3 17. Bd2 Qc2 18. a5 Bc5 19. Rfc1 Qg6 20. Qh4 Bb5
21. Rab1 a6 22. Ne5 Qf5 23. Nf3 Be7 24. g4 Qxf3 0-1

[Event "7. Europameisterschaft"]
[Site "Kusadasi"]
[Date "2006.04.09"]
[Round "6"]
[White "Baramidze, David"]
[Black "Williams, Simon"]
[Result "1-0"]
[WhiteElo "2545"]
[BlackElo "2478"]
[PlyCount "105"]
[EventDate "2006.04.03"]

1. e4 g6 2. d4 Bg7 3. Nc3 d6 4. Be3 a6 5. f3 b5 6. Qd2 Nd7 7. h4 h6 8. Nce2 e6
9. g4 Bb7 10. Ng3 Ne7 11. N1e2 c5 12. c3 Qa5 13. Bg2 Rc8 14. Rd1 d5 15. dxc5
Qxa2 16. Nc1 Qa5 17. f4 Qc7 18. b4 Rd8 19. e5 h5 20. gxh5 Nxe5 21. fxe5 Bxe5
22. Nge2 Nf5 23. Bf4 Rxh5 24. Nd3 Bxf4 25. Qxf4 Qxf4 26. Nexf4 Rxh4 27. Rxh4
Nxh4 28. Bh1 g5 29. Ne2 f6 30. Nd4 e5 31. c6 Bc8 32. Nc2 Bg4 33. Ra1 Bf5 34.
Kd2 Be4 35. c7 Rc8 36. Bxe4 dxe4 37. Nc5 f5 38. Nxa6 f4 39. c4 bxc4 40. b5 Nf5
41. b6 c3+ 42. Kxc3 Nd6 43. Kb4 e3 44. Rd1 Nb7 45. Rd5 Ke7 46. Nc5 Nd6 47.
Rxe5+ Kf7 48. Re6 Nb7 49. Rc6 e2 50. Nxb7 f3 51. Nd6+ Kg7 52. Ne4 Re8 53. c8=Q
1-0

[Event "7. Europameisterschaft"]
[Site "Kusadasi"]
[Date "2006.04.09"]
[Round "6"]
[White "Gasthofer, Alexander"]
[Black "Kurmann, Oliver"]
[Result "1-0"]
[WhiteElo "2415"]
[BlackElo "2297"]
[PlyCount "81"]
[EventDate "2006.04.03"]

1. Nf3 Nf6 2. g3 d5 3. Bg2 c6 4. O-O Bg4 5. d4 e6 6. Nbd2 Nbd7 7. Re1 Be7 8. e4
O-O 9. c3 Bh5 10. Qb3 Qb6 11. exd5 cxd5 12. c4 dxc4 13. Nxc4 Qxb3 14. axb3 Nd5
15. Bd2 Rfc8 16. Nfe5 N7f6 17. h3 Bg6 18. Nxg6 hxg6 19. g4 Kf8 20. Ra5 Bd8 21.
Ra2 Be7 22. Raa1 a6 23. Bg5 Rc7 24. Red1 Rd8 25. Kf1 Rcd7 26. Rac1 Ne8 27. Bd2
Rc8 28. Ba5 Bf6 29. Ne5 Rxc1 30. Nxd7+ Ke7 31. Rxc1 Kxd7 32. Bxd5 exd5 33. Bb6
Bd8 34. Bxd8 Kxd8 35. Ke2 g5 36. Rh1 Nc7 37. h4 gxh4 38. f4 g5 39. fxg5 Ne6 40.
Ke3 Nxg5 41. Kf4 1-0

[Event "7. Europameisterschaft"]
[Site "Kusadasi"]
[Date "2006.04.09"]
[Round "6"]
[White "Meier, Georg"]
[Black "Duman, Aydin"]
[Result "1-0"]
[WhiteElo "2407"]
[BlackElo "2214"]
[PlyCount "121"]
[EventDate "2006.04.03"]

1. e4 c5 2. Nf3 g6 3. c3 Bg7 4. d4 cxd4 5. cxd4 d5 6. e5 Bg4 7. Nbd2 Nc6 8. h3
Bxf3 9. Nxf3 e6 10. h4 h6 11. Bd3 Nge7 12. Be3 Rc8 13. O-O Nf5 14. Bxf5 gxf5
15. Rb1 O-O 16. Qd2 Kh7 17. b4 Nb8 18. g3 Rc4 19. Rfd1 Qc7 20. Ne1 Nd7 21. Nd3
Rc8 22. Qe2 Rc2 23. Qh5 Nb6 24. Rbc1 Qe7 25. Nc5 Rxc1 26. Rxc1 Nc4 27. Bg5 Qc7
28. Kg2 b6 29. Nd3 Qd7 30. a4 a6 31. a5 bxa5 32. bxa5 Nxa5 33. Nc5 Qe8 34. Rb1
f6 35. Qxe8 Rxe8 36. Bxf6 Bxf6 37. exf6 Kg6 38. Rb6 Kxf6 39. Rxa6 Nc4 40. Ra7
Re7 41. Ra8 Nd6 42. Rf8+ Kg7 43. Rb8 Kf6 44. f3 Ra7 45. Rh8 Nf7 46. Re8 Re7 47.
Rb8 Ra7 48. Rb6 Nd8 49. Kf2 Ra3 50. Rd6 Ra8 51. Ke3 Ke7 52. Rd7+ Kf6 53. Rd6
Ke7 54. Rd7+ Kf6 55. Rc7 Ra1 56. Nd7+ Ke7 57. Ne5+ Ke8 58. Rh7 Rg1 59. Kf2 Rd1
60. Rxh6 Rxd4 61. Rh8+ 1-0

[Event "7. Europameisterschaft"]
[Site "Kusadasi"]
[Date "2006.04.10"]
[Round "7"]
[White "Turov, Maxim"]
[Black "Naiditsch, Arkadij"]
[Result "1/2-1/2"]
[WhiteElo "2539"]
[BlackElo "2664"]
[PlyCount "25"]
[EventDate "2006.04.03"]

1. d4 Nf6 2. c4 e6 3. Nc3 Bb4 4. Qc2 c5 5. dxc5 Qc7 6. Nf3 Bxc5 7. g3 Qb6 8. e3
Be7 9. Bg2 a6 10. O-O Qc7 11. b3 d6 12. Bb2 b6 13. Ne4 1/2-1/2

[Event "7. Europameisterschaft"]
[Site "Kusadasi"]
[Date "2006.04.10"]
[Round "7"]
[White "Fedorov, Alexei"]
[Black "Baramidze, David"]
[Result "0-1"]
[WhiteElo "2614"]
[BlackElo "2545"]
[PlyCount "60"]
[EventDate "2006.04.03"]

1. e4 c5 2. Nf3 d6 3. d4 cxd4 4. Nxd4 Nf6 5. f3 e5 6. Nb3 Be6 7. c4 Be7 8. Nc3
a5 9. Be3 a4 10. Nd2 a3 11. b4 Nc6 12. Rb1 Nd7 13. Bd3 O-O 14. O-O Bg5 15. Bxg5
Qxg5 16. Kh1 Rfc8 17. Nb5 Nb6 18. Qe2 Na4 19. Rb3 Nb2 20. Bb1 Ra4 21. f4 exf4
22. Nf3 Bxc4 23. Qxc4 Nxc4 24. Nxg5 Nd2 25. Nxd6 Rc7 26. b5 Nd4 27. b6 Rc6 28.
Nf5 Nxf1 29. Ne7+ Kf8 30. Nxc6 Nxb3 0-1

[Event "7. Europameisterschaft"]
[Site "Kusadasi"]
[Date "2006.04.10"]
[Round "7"]
[White "Graf, Alexander"]
[Black "Malakhatko, Vadim"]
[Result "1-0"]
[WhiteElo "2592"]
[BlackElo "2559"]
[PlyCount "67"]
[EventDate "2006.04.03"]

1. d4 d5 2. c4 c6 3. Nc3 Nf6 4. cxd5 cxd5 5. Bf4 Nc6 6. e3 a6 7. Rc1 Bf5 8. Nf3
Rc8 9. Be2 e6 10. O-O Nd7 11. Nd2 Be7 12. Nb3 O-O 13. Na4 Nb4 14. a3 Bc2 15.
Rxc2 Nxc2 16. Bd3 Nxa3 17. bxa3 Bxa3 18. Qb1 h6 19. Nbc5 Nxc5 20. Nxc5 Bxc5 21.
dxc5 Rxc5 22. Qxb7 Rc3 23. Bxa6 Qf6 24. Bd6 Re8 25. h3 Rc2 26. Bd3 Ra2 27. Qc7
Qd8 28. Qc6 Qa8 29. Qc3 Rc8 30. Qe5 Qa4 31. Qg3 Rd2 32. Be5 g5 33. Qf3 Kf8 34.
Bg6 1-0

[Event "7. Europameisterschaft"]
[Site "Kusadasi"]
[Date "2006.04.10"]
[Round "7"]
[White "Luther, Thomas"]
[Black "Czarnota, Pawel"]
[Result "1/2-1/2"]
[WhiteElo "2593"]
[BlackElo "2529"]
[PlyCount "78"]
[EventDate "2006.04.03"]

1. e4 c6 2. d4 d5 3. Nd2 dxe4 4. Nxe4 Bf5 5. Ng3 Bg6 6. h4 h6 7. Nf3 Nd7 8. h5
Bh7 9. Bd3 Bxd3 10. Qxd3 e6 11. Bd2 Ngf6 12. O-O-O Qc7 13. Ne4 Nxe4 14. Qxe4
O-O-O 15. Kb1 c5 16. Bf4 Bd6 17. Bxd6 Qxd6 18. Qe2 Kb8 19. a3 Rhe8 20. Ne5 Nxe5
21. dxe5 Qc7 22. f4 Rxd1+ 23. Rxd1 Rd8 24. Rd3 Rxd3 25. Qxd3 Qe7 26. Ka2 Kc7
27. g4 a6 28. a4 Kc6 29. Qe4+ Kc7 30. Qd3 Kc6 31. a5 Qc7 32. Kb3 b5 33. c4 b4
34. Ka4 Qd7 35. Qxd7+ Kxd7 36. Kb3 Ke7 37. Kc2 g6 38. Kd3 gxh5 39. gxh5 Kd7
1/2-1/2

[Event "7. Europameisterschaft"]
[Site "Kusadasi"]
[Date "2006.04.10"]
[Round "7"]
[White "Pelletier, Yannick"]
[Black "Bindrich, Falko"]
[Result "1-0"]
[WhiteElo "2570"]
[BlackElo "2475"]
[PlyCount "71"]
[EventDate "2006.04.03"]

1. c4 Nf6 2. Nc3 c5 3. Nf3 b6 4. e4 d6 5. d4 cxd4 6. Nxd4 Bb7 7. Qe2 e6 8. g3
a6 9. Bg2 Qc7 10. f4 Be7 11. Bd2 O-O 12. Rc1 Re8 13. O-O Bf8 14. Kh1 Nc6 15.
Nf3 Rad8 16. Rfe1 Qb8 17. Be3 Ba8 18. Bg1 b5 19. cxb5 axb5 20. Qxb5 e5 21. Qxb8
Rxb8 22. fxe5 dxe5 23. Nd5 Nxd5 24. exd5 Nb4 25. Nxe5 Nxa2 26. Rb1 Rb5 27. Nc6
Rxe1 28. Rxe1 Rxb2 29. Re8 Bxc6 30. dxc6 Rc2 31. Be3 Nb4 32. Bf4 Nxc6 33. Be4
Rc4 34. Bd6 g6 35. Rxf8+ Kg7 36. Rxf7+ 1-0

[Event "7. Europameisterschaft"]
[Site "Kusadasi"]
[Date "2006.04.10"]
[Round "7"]
[White "Lutz, Christopher"]
[Black "Jankovic, Alojzije"]
[Result "1/2-1/2"]
[WhiteElo "2608"]
[BlackElo "2516"]
[PlyCount "68"]
[EventDate "2006.04.03"]

1. e4 c5 2. Nf3 d6 3. d4 cxd4 4. Nxd4 Nf6 5. Nc3 Nc6 6. Bg5 e6 7. Qd2 a6 8.
O-O-O Bd7 9. f3 b5 10. Nxc6 Bxc6 11. Ne2 h6 12. Be3 Bb7 13. Kb1 Qc7 14. h4 d5
15. e5 Nd7 16. f4 h5 17. Nd4 g6 18. Be2 Nb6 19. Qa5 Rc8 20. g4 hxg4 21. Bxg4
Bc5 22. Ka1 Qe7 23. Qe1 Nc4 24. Bc1 Kd7 25. h5 gxh5 26. Bh3 Kc7 27. f5 exf5 28.
Bf4 Bxd4 29. Rxd4 Kb8 30. Bxf5 Rce8 31. Bd7 Rd8 32. Bf5 Rde8 33. Bd7 Rd8 34.
Bf5 Qxe5 1/2-1/2